| 000 | 00968nam a22002057a 4500 | ||
|---|---|---|---|
| 999 |
_c62964 _d62964 |
||
| 003 | Ge_BSU | ||
| 005 | 20250415115233.0 | ||
| 008 | 250415s2021 ge ||||| |||| 00| 0 geo d | ||
| 020 | _a9789941325472 | ||
| 041 | _ageo | ||
| 080 | _a087.5(031) ს-34 | ||
| 245 |
_aსაყმაწვილო ენციკლოპედია / _cთარგმნა ნინო ბელთაძემ; რედაქტორი ლადო იოსებაძე. |
||
| 264 |
_aთბილისი : _b პალიტრა L, _c 2021. |
||
| 300 |
_a384 გვ. : _bილ., ფოტ. ; _c23 სმ. |
||
| 500 | _aსაძიებელი: გვ. 368-383. | ||
| 653 | _aსაყმაწვილო ენციკლოპედიები | ||
| 700 |
_aბელთაძე, ნინო _eმთარგმნელი _924808 |
||
| 700 |
_aიოსებაძე, ლადო _eრედაქტორი _917896 |
||
| 942 |
_2udc _cᲬᲘᲒᲜᲘ |
||